LEADER 01858nam a2200301 i 4500 001 000000037048 003 CaOOAMICUS 005 20131205000000.0 008 131205s1991 xx u000 u ger u 013 $a7272 020 $a3-506-79436-1 040 $aSeMil$bita 100 1 $aHorst, Ulrich <1931- >.$0(OLS)http://semarc/name/90391 245 10$aAutorität und Immunität des Papstes :$bRaphael de Pornassio OP und Julianus Tallada OP in der Auseinandersetzung mit dem Basler Konziliarismus /$cUlrich Horst. 260 $aPaderborn [etc.] :$bFerdinand Schöningh,$c1991. 300 $aXIX, 119 p. ;$c24 cm. 490 0 $aVeröffentlichungen des Grabmann-Institutes zur Erforschung der mittelalterlichen Theologie und Philosophie. Neue Folge ;$v36 490 0 $aMünchener Universitätsschriften : Philosophische Fakultät Altertumskunde und Kulturwissenschaften 650 4$aConcilio di Basilea, Ferrara e Firenze <1431-1449>.$0(OLS)http://semarc/subject/1019 650 4$aPapato - Teologia.$0(OLS)http://semarc/subject/4312 830 0$aVeröffentlichungen des Grabmann-Institutes zur Erforschung der mittelalterlichen Theologie und Philosophie. Neue Folge ;$v36.$0(OLS)http://semarc/title/192 830 0$aMünchener Universitätsschriften : Philosophische Fakultät Altertumskunde und Kulturwissenschaften.$0(OLS)http://semarc/title/11289 850 $aSeMil 852 $aSeMil$W1$xVenegono$y1$m2N I 286$j3203$B3203$CSeMilBibl$Z2$F3203 $81 961 $aAcquisto: Casa editrice 996 $6020$a3-506-79436-1$9(OLS)http://semarc/number/5925 996 $6245$aAutorität und Immunität des Papstes :$bRaphael de Pornassio OP und Julianus Tallada OP in der Auseinandersetzung mit dem Basler Konziliarismus$9(OLS)http://semarc/title/51651 996 $6260$aPaderborn [etc.] :$bFerdinand Schöningh$9(OLS)http://semarc/publisher/29622 LEADER 01180nam a2200265 i 4500 001 000000070065 003 CaOOAMICUS 005 20101019000000.0 008 101019s1999 it u000 u ita u 013 $a41237 040 $aSeMil$bita 100 1 $aArosio, Isabella.$0(OLS)http://semarc/name/34909 245 10$aEdith Stein :$bun cammino di verità /$cIsabella Arosio e Elisabetta Cattanei. 260 $aSeregno (MI) :$bCollegio Ballerini,$c1999. 300 $a159 p., [1] p. di ritratto ;$c21 cm. 490 0 $aQuaderni Balleriniani ;$v10 500 $aContiene : Appendici ; Bibliografia. 600 04$aStein, Edith .$0(OLS)http://semarc/subject/2928 700 1 $aCattanei, Elisabetta,$d<1966- >.$0(OLS)http://semarc/name/34910 830 0$aQuaderni Balleriniani ;$v10.$0(OLS)http://semarc/title/412 850 $aSeMil 852 $aSeMil$W1$xVenegono$y1$m3J III 240$j36218$B36218$CSeMilBibl$Z2$F36221 $81 961 $aOmaggio: Donazione 996 $6245$aEdith Stein :$bun cammino di verità$9(OLS)http://semarc/title/112380 996 $6260$aSeregno (MI) :$bCollegio Ballerini$9(OLS)http://semarc/publisher/31716 LEADER 00964nam a2200241 i 4500 001 000000073833 003 CaOOAMICUS 005 20000620000000.0 008 000620s2000 fr u000 u mul u 013 $a45005 020 $a2-204-06465-3 040 $aSeMil$bita 245 10$a4,79-217 /$cAdalbert de Vogüé. 300 $a334 p. 490 0 $aSources Chrétiennes ;$v449 700 1 $aVogüé, Adalbert : de .$0(OLS)http://semarc/name/4819 773 0 $aGregorius I, $tCommentaire sur le prémier livre des Rois.$dParis : Les Éditions du Cerf, 1989.$g4$w()618 830 0$aSources chrétiennes ;$v449.$0(OLS)http://semarc/title/72 850 $aSeMil 852 $aSeMil$W1$xVenegono$y1$mSL1.T IX 449$j39985$B39985$CSeMilBibl$Z2$F39989 $8I 961 $aSottoscrizione: Cerf (Éditions) 996 $6020$a2-204-06465-3$9(OLS)http://semarc/number/53436 996 $6245$a4,79-217$9(OLS)http://semarc/title/119182